000 00988nam a22002297a 4500
003 OSt
005 20250911173941.0
008 240206b ||||| |||| 00| 0 eng d
040 _c0
082 _aDPer 621.381 In821 April 2022 v. 37 n. 4
100 _aCao, Yuliang.
_eauthor.
_951605
245 _aSwitching transition analysis and optimization for bidirectional CLLC resonant DC transformer /
_cYuliang Cao, Minh Ngo, Rolando Burgos, Agirman Ismail, and Dong Dong.
260 _aNew York ;
_bThe Institute of Electrical and Electronics Engineers, Inc. ,
_cApril 2022.
300 _aVolume 37, pages 3786-3800 :
_billustration ;
_c28 cm.
500 _aIEEE Transaction on Power Electronics, vol. 37, no. 4, pages 3786-3800, April 2022.
700 _aCao, Yuliang.
_eauthor.
_951605
700 _aNgo, Minh.
_eauthor.
_951606
700 _aBurgos, Rolando.
_eauthor.
_951607
700 _aIsmail, Agirman.
_eauthor.
_951608
700 _aDong, Dong.
_eauthor.
_951609
942 _2ddc
_cPER
999 _c18952
_d18952